Využitie štrukturálnych fondov v cestovnom ruchhu diplomová práca

Na minha lista:
Detalhes bibliográficos
Autor principal: Beňková, Lenka
Autor Corporativo: Obchodná fakulta EU. Katedra služieb a cestovného ruchu - zrušené
Outros Autores: Plesník, Pavol, 1956-
Formato: Livro
Idioma:eslovaco
Publicado em: Bratislava 2012
Tags: Adicionar Tag
Sem tags, seja o primeiro a adicionar uma tag!

MARC

LEADER 00000nbm a2200000 4500
001 0152559
005 20161109102045.2
041 0 |a slo 
044 |a SK 
245 1 0 |a Využitie štrukturálnych fondov v cestovnom ruchhu  |b diplomová práca  |c Lenka Beňková ; školiteľ: Pavol Plesník 
264 1 |a Bratislava  |c 2012 
300 |a 79 s. 
100 1 |a Beňková, Lenka 
700 1 |a Plesník, Pavol, 1956- 
710 2 |a Obchodná fakulta EU. Katedra služieb a cestovného ruchu - zrušené